00660nam a22001937a 4500003000900000008004100009040007100050082001900121100002700140245003900167260004200206300002600248505008600274650003100360650001200391650001900403650002200422650002200444AR-CdUCM190307b ||||| |||| 00| 0 spa d aMUNICIPALIDAD PROVINCIAL DEL CUSCOcBIBLIOTECA MUNICIPAL DEL CUSCO a869.983 /bD68 aDiaz Valcarcel, Emilio aEl hombre que trabajó el lunes / aMéxico, D. F :bEra alacena,c1966. a143 paginas ;c20 cm. aEl hombre que trabajó el lunes -- La culpa -- Maria -- El alcalde -- Sol negro. aLiteratura puertoriqueña aCuentos aNovelas cortas aCompromiso social aNarrativa Barroca